[Event "BI-2013-F-0000"]
[Site "LSS email"]
[Date "2013.02.15"]
[Round "?"]
[White "Drazkowski, Krzysztof"]
[Black "Weiss, Lester"]
[Result "1-0"]
[WhiteElo "2262"]
[BlackElo "1995"]
[PlyCount "101"]
[EventDate "2013.02.20"]
[EventType "tourn (corr)"]
[EventRounds "10"]
[EventCountry "GER"]
[SourceTitle "Corr 2022"]
[Source "ChessBase"]
[SourceDate "2021.10.24"]
[SourceVersion "1"]
[SourceVersionDate "2021.10.24"]
[SourceQuality "1"]

1. d4 Nf6 2. c4 e6 3. Nf3 d5 4. cxd5 exd5 5. Bg5 Be7 6. Nc3 c6 7. Qc2 g6 8. e3 Bf5 9. Bd3 Bxd3 10. Qxd3 Nbd7 11. Bh6 Ng4 12. Bf4 0-0 13. 0-0 Re8 14. h3 Ngf6 15. Rfe1 Ne4 16. a3 Bd6 17. Bxd6 Nxd6 18. e4 dxe4 19. Nxe4 Nxe4 20. Rxe4 Rxe4 21. Qxe4 Nf6 22. Qe5 Nd5 23. Re1 Qd7 24. Nd2 f6 25. Qg3 Kg7 26. b4 Re8 27. Rxe8 Qxe8 28. Nc4 Qe7 29. Na5 Qd7 30. Qg4 Qc7 31. Qe6 Nf4 32. Qe8 g5 33. Kf1 Nd5 34. g3 Ne7 35. Ke2 b6 36. Nc4 Nf5 37. Kd3 Nd6 38. Qe6 Nxc4 39. Kxc4 Qb7 40. b5 cxb5+ 41. Kxb5 a6+ 42. Kb4 Qf3 43. Qxb6 Qxf2 44. Qc7+ Kg6 45. Qc3 Qf1 46. Qc2+ Kh6 47. Qc6 Qe1+ 48. Kc4 Kg6 49. d5 Qe4+ 50. Kc5 Qe3+ 51. Kd6 1-0

[Event "BI-2013-F-0000"]
[Site "LSS email"]
[Date "2013.02.15"]
[Round "?"]
[White "Launhardt, Wolfgang"]
[Black "Drazkowski, Krzysztof"]
[Result "1/2-1/2"]
[WhiteElo "2209"]
[BlackElo "2262"]
[PlyCount "88"]
[EventDate "2013.02.20"]
[EventType "tourn (corr)"]
[EventRounds "10"]
[EventCountry "GER"]
[SourceTitle "Corr 2022"]
[Source "ChessBase"]
[SourceDate "2021.10.24"]
[SourceVersion "1"]
[SourceVersionDate "2021.10.24"]
[SourceQuality "1"]

1. d4 Nf6 2. c4 e6 3. Nc3 d5 4. Nf3 Be7 5. g3 0-0 6. cxd5 exd5 7. Bg2 Nbd7 8. 0-0 c6 9. a4 Re8 10. a5 Nf8 11. Ne5 Qc7 12. Bd2 Ng6 13. f4 Bf5 14. Rc1 Qd6 15. Qb3 Qb4 16. Qxb4 Bxb4 17. a6 Rab8 18. axb7 Ne7 19. e4 dxe4 20. Nxe4 Bxe4 21. Bxb4 Bxg2 22. Kxg2 Ned5 23. Bd2 Rxb7 24. Rc2 h5 25. Re1 Ng4 26. Kg1 Reb8 27. Rb1 Ne7 28. h3 Nf6 29. Nxc6 Nxc6 30. Rxc6 Rxb2 31. Rxb2 Rxb2 32. Be1 Ne4 33. g4 Nf6 34. g5 Nd5 35. f5 Nf4 36. Kf1 Nxh3 37. g6 fxg6 38. fxg6 Rb8 39. Bg3 Rf8+ 40. Ke2 Nf4+ 41. Ke3 Nd5+ 42. Ke4 Nf6+ 43. Kf5 Nh7+ 44. Ke5 Re8+ 1/2-1/2

[Event "OP-2012-0-02081"]
[Site "LSS email"]
[Date "2012.02.25"]
[Round "?"]
[White "Drazkowski, Krzysztof"]
[Black "Vontina, Maria"]
[Result "1-0"]
[WhiteElo "2306"]
[BlackElo "781"]
[PlyCount "39"]
[EventDate "2012.02.22"]
[EventType "tourn (corr)"]
[EventRounds "4"]
[EventCountry "GER"]
[SourceTitle "Telechess CBM 157"]
[Source "ChessBase"]
[SourceDate "2013.11.12"]
[SourceVersion "1"]
[SourceVersionDate "2013.11.12"]
[SourceQuality "1"]

1. d4 Nf6 2. c4 g6 3. Nc3 Bg7 4. e4 d6 5. Be2 0-0 6. Bg5 Nc6 7. d5 Nb8 8. Qd2 a6 9. Nf3 c5 10. Rd1 Bg4 11. h3 Bd7 12. 0-0 Bc8 13. Ne1 Nbd7 14. f4 Kh8 15. Nf3 Qe8 16. Rde1 Nb6 17. b3 Bd7 18. e5 Ng8 19. Bd3 Rb8 20. exd6 1-0

[Event "FICGS class M 000041 email"]
[Site "FICGS email"]
[Date "2010.11.11"]
[Round "1"]
[White "Plant, Kevin D"]
[Black "Drazkowski, Krzysztof"]
[Result "1-0"]
[WhiteElo "2220"]
[BlackElo "2211"]
[PlyCount "73"]
[EventDate "2010.??.??"]
[EventType "tourn (corr)"]
[EventRounds "6"]
[SourceTitle "Corr 2013"]
[Source "ChessBase"]
[SourceDate "2012.11.12"]
[SourceVersion "1"]
[SourceVersionDate "2012.11.12"]
[SourceQuality "1"]

1. d4 Nf6 2. c4 e6 3. Nf3 b6 4. g3 Ba6 5. Qa4 c5 6. Bg2 Bb7 7. dxc5 Bxc5 8. 0-0 0-0 9. Nc3 Bc6 10. Qc2 d6 11. a3 a5 12. Bg5 Nbd7 13. Rad1 Qe7 14. Rb1 a4 15. Nd2 Bxg2 16. Kxg2 Rfc8 17. Nxa4 b5 18. cxb5 Bxa3 19. Qb3 Bc5 20. Rfc1 Rab8 21. Bxf6 Qxf6 22. Ne4 Qe5 23. Qd3 f5 24. Nd2 d5 25. b4 Be7 26. Rc6 Qf6 27. Rxc8+ Rxc8 28. b6 Bd6 29. b7 Rb8 30. Qb5 Qe7 31. Nb3 Ne5 32. Nac5 f4 33. Nd4 fxg3 34. hxg3 h5 35. f4 Nc4 36. Qc6 g5 37. Qc8+ 1-0

[Event "FICGS class M 000040 email"]
[Site "FICGS email"]
[Date "2010.09.20"]
[Round "1"]
[White "Drazkowski, Krzysztof"]
[Black "Boehme, Sebastian"]
[Result "1/2-1/2"]
[WhiteElo "2236"]
[BlackElo "2332"]
[PlyCount "36"]
[EventDate "2010.??.??"]
[EventType "tourn (corr)"]
[EventRounds "6"]
[EventCategory "1"]
[SourceTitle "Corr 2013"]
[Source "ChessBase"]
[SourceDate "2012.11.12"]
[SourceVersion "1"]
[SourceVersionDate "2012.11.12"]
[SourceQuality "1"]

1. d4 d5 2. c4 e6 3. Nf3 Nf6 4. Nc3 c6 5. cxd5 exd5 6. Qc2 Be7 7. Bg5 g6 8. e3 Bf5 9. Bd3 Bxd3 10. Qxd3 Nbd7 11. 0-0 0-0 12. a3 Re8 13. b4 Ne4 14. Bxe7 Qxe7 15. b5 Nxc3 16. bxc6 Ne4 17. cxd7 Qxd7 18. Ne5 Qe6 1/2-1/2

[Event "FICGS class M 000040 email"]
[Site "FICGS email"]
[Date "2010.09.20"]
[Round "1"]
[White "Drazkowski, Krzysztof"]
[Black "Nichols, Scott"]
[Result "0-1"]
[WhiteElo "2236"]
[BlackElo "2220"]
[PlyCount "122"]
[EventDate "2010.??.??"]
[EventType "tourn (corr)"]
[EventRounds "6"]
[EventCategory "1"]
[SourceTitle "Corr 2013"]
[Source "ChessBase"]
[SourceDate "2012.11.12"]
[SourceVersion "1"]
[SourceVersionDate "2012.11.12"]
[SourceQuality "1"]

1. d4 d5 2. c4 c6 3. Nf3 Nf6 4. Nc3 e6 5. cxd5 exd5 6. Bg5 h6 7. Bxf6 Qxf6 8. e3 Bd6 9. h3 0-0 10. Bd3 Bf5 11. 0-0 Nd7 12. Bxf5 Qxf5 13. Rc1 Rfe8 14. Qc2 Qxc2 15. Rxc2 a5 16. Na4 g5 17. g4 f5 18. gxf5 Rf8 19. Nc5 Bxc5 20. dxc5 Rxf5 21. Nd4 Rf7 22. b3 Kg7 23. a3 Kg6 24. Kg2 Ne5 25. Rd1 Rf6 26. Re2 Kh5 27. Kg3 a4 28. b4 Nc4 29. Rd3 Raf8 30. Rc3 Ne5 31. e4 Rd8 32. Nf5 d4 33. Rc1 Kg6 34. Rd2 Rxf5 35. exf5+ Kxf5 36. Re1 d3 37. Re3 Rd4 38. Kg2 Rc4 39. Rexd3 Nxd3 40. Rxd3 Ke4 41. Rd7 Rc3 42. f3+ Kf4 43. Rf7+ Ke5 44. Rxb7 Rxa3 45. b5 Kd5 46. bxc6 Kxc6 47. Rh7 Kxc5 48. Rxh6 Rc3 49. Rg6 a3 50. Rxg5+ Kb4 51. Re5 a2 52. Re1 Ra3 53. Ra1 Kb3 54. Kg3 Kb2 55. Rxa2+ Rxa2 56. h4 Kc3 57. h5 Kd4 58. Kf4 Rh2 59. Kg5 Ke5 60. Kg6 Ke6 61. Kg5 Rh1 0-1

[Event "FICGS class M 000040 email"]
[Site "FICGS email"]
[Date "2010.09.20"]
[Round "1"]
[White "Fric, Lubos"]
[Black "Drazkowski, Krzysztof"]
[Result "1-0"]
[WhiteElo "2205"]
[BlackElo "2236"]
[PlyCount "69"]
[EventDate "2010.??.??"]
[EventType "tourn (corr)"]
[EventRounds "6"]
[EventCategory "1"]
[SourceTitle "Corr 2013"]
[Source "ChessBase"]
[SourceDate "2012.11.12"]
[SourceVersion "1"]
[SourceVersionDate "2012.11.12"]
[SourceQuality "1"]

1. d4 Nf6 2. c4 e6 3. Nc3 d5 4. cxd5 exd5 5. Bg5 Be7 6. e3 0-0 7. Bd3 c6 8. Qc2 Nbd7 9. Nf3 Re8 10. 0-0 Nf8 11. h3 g6 12. Bf4 Nh5 13. Bh2 Ng7 14. e4 dxe4 15. Bxe4 Bf5 16. Rfe1 Qb6 17. Rad1 Rad8 18. g4 Bxe4 19. Rxe4 Nfe6 20. d5 Nc5 21. Re3 Bf6 22. Ne5 h6 23. Bf4 Qb4 24. Bg3 Qb6 25. Qe2 h5 26. Qc4 hxg4 27. hxg4 a5 28. a3 Re7 29. b4 axb4 30. axb4 Na6 31. Qf4 Bxe5 32. Rxe5 Rxe5 33. Qxe5 Nxb4 34. d6 Re8 35. Qf6 1-0

[Event "FICGS W-ch st2 g02 email"]
[Site "FICGS email"]
[Date "2010.07.06"]
[Round "1"]
[White "Drazkowski, Krzysztof"]
[Black "Parmet, Daniel Edward"]
[Result "1/2-1/2"]
[WhiteElo "2208"]
[BlackElo "2061"]
[PlyCount "93"]
[EventDate "2010.??.??"]
[EventType "tourn (corr)"]
[EventRounds "6"]
[SourceTitle "Corr 2013"]
[Source "ChessBase"]
[SourceDate "2012.11.12"]
[SourceVersion "1"]
[SourceVersionDate "2012.11.12"]
[SourceQuality "1"]

1. d4 d5 2. Nf3 Nf6 3. c4 c6 4. Nc3 dxc4 5. a4 Bf5 6. e3 e6 7. Bxc4 Bb4 8. 0-0 0-0 9. Qe2 Bg6 10. Ne5 Nbd7 11. Nxg6 hxg6 12. Rd1 Qa5 13. e4 e5 14. d5 Rad8 15. Na2 cxd5 16. exd5 Bd6 17. Bd2 Qc7 18. Nc3 a6 19. Rac1 Rfe8 20. Ne4 Nxe4 21. Qxe4 Nf6 22. Qh4 e4 23. Bxa6 Bxh2+ 24. Kf1 Qb8 25. Bb5 Rxd5 26. Bg5 Rxd1+ 27. Rxd1 Rd8 28. Rxd8+ Qxd8 29. Qxe4 Bf4 30. Bxf6 Qd1+ 31. Qe1 Qxe1+ 32. Kxe1 gxf6 33. Ke2 Be5 34. b3 Kf8 35. Kd3 Ke7 36. Bc4 b6 37. Ke4 Kd6 38. f4 Bb2 39. Bxf7 g5 40. fxg5 fxg5 41. Kf5 Bc1 42. b4 Bd2 43. g3 b5 44. axb5 Kc7 45. Bd5 Kb6 46. Bc6 Be3 47. g4 1/2-1/2

[Event "FICGS W-ch st2 g02 email"]
[Site "FICGS email"]
[Date "2010.07.06"]
[Round "1"]
[White "Schmid, Pablo"]
[Black "Drazkowski, Krzysztof"]
[Result "1-0"]
[WhiteElo "2227"]
[BlackElo "2208"]
[PlyCount "75"]
[EventDate "2010.??.??"]
[EventType "tourn (corr)"]
[EventRounds "6"]
[SourceTitle "Corr 2013"]
[Source "ChessBase"]
[SourceDate "2012.11.12"]
[SourceVersion "1"]
[SourceVersionDate "2012.11.12"]
[SourceQuality "1"]

1. e4 c5 2. Nc3 Nc6 3. Nf3 Nf6 4. Bb5 e5 5. Bxc6 dxc6 6. Nxe5 Nxe4 7. Nxe4 Qd4 8. Qe2 Qxe5 9. f4 Qe6 10. f5 Qe5 11. 0-0 Be7 12. d3 0-0 13. f6 gxf6 14. Bd2 f5 15. Rf3 fxe4 16. Bc3 f6 17. Rg3+ Qxg3 18. hxg3 Rf7 19. Qxe4 Bd7 20. Qf4 b5 21. Rf1 b4 22. Be5 Re8 23. g4 h6 24. Bd6 Kg7 25. Kh2 Bxd6 26. Qxd6 a5 27. Rf4 Re6 28. Qxc5 Re5 29. Qb6 Rb5 30. Qc7 Rd5 31. a3 b3 32. cxb3 Rxd3 33. Qb6 Rd5 34. a4 Re7 35. b4 axb4 36. a5 Be6 37. Re4 Kf7 38. a6 1-0

[Event "FICGS class M 000035 email"]
[Site "FICGS email"]
[Date "2010.03.20"]
[Round "1"]
[White "Fraczek, Dariusz"]
[Black "Drazkowski, Krzysztof"]
[Result "1-0"]
[WhiteElo "2265"]
[BlackElo "2279"]
[PlyCount "107"]
[EventDate "2010.??.??"]
[EventType "tourn (corr)"]
[EventRounds "6"]
[SourceTitle "Corr 2013"]
[Source "ChessBase"]
[SourceDate "2012.11.12"]
[SourceVersion "1"]
[SourceVersionDate "2012.11.12"]
[SourceQuality "1"]

1. e4 c5 2. Nf3 Nc6 3. d4 cxd4 4. Nxd4 Nf6 5. Nc3 e5 6. Ndb5 d6 7. Bg5 a6 8. Na3 b5 9. Bxf6 gxf6 10. Nd5 Bg7 11. Bd3 Ne7 12. Nxe7 Qxe7 13. 0-0 0-0 14. c4 f5 15. Qf3 d5 16. cxd5 fxe4 17. Bxe4 Rb8 18. Rfd1 Qh4 19. g3 Qg5 20. Qb3 Bg4 21. Rdc1 f5 22. Bg2 e4 23. Rc2 Rbd8 24. Re1 Rf6 25. Nb1 Qh5 26. Rc7 Rh6 27. h4 Rhd6 28. Nd2 Bd4 29. a4 bxa4 30. Qc4 Bxb2 31. Qxa4 Bg7 32. Rb1 Qe8 33. Qa2 Kh8 34. Rbb7 R6d7 35. Nc4 Rxc7 36. Rxc7 Qb5 37. Ne3 h5 38. Bf1 Qb6 39. Rc6 Qb7 40. Qa5 Rb8 41. Rxa6 Qd7 42. d6 Bf6 43. Qc7 Rb7 44. Qxd7 Rxd7 45. Bb5 Rg7 46. Nd5 Bxh4 47. Nf4 Kh7 48. Ne6 Rg8 49. gxh4 Be2+ 50. Ng5+ Rxg5+ 51. hxg5 Bxb5 52. Ra5 Bc6 53. Rxf5 Kg6 54. Rc5 1-0

[Event "FICGS W-ch st1 gM 01 email"]
[Site "FICGS email"]
[Date "2009.11.02"]
[Round "1"]
[White "Drazkowski, Krzysztof"]
[Black "Rotaru, Dan"]
[Result "1/2-1/2"]
[WhiteElo "2321"]
[BlackElo "2387"]
[PlyCount "43"]
[EventDate "2009.??.??"]
[EventType "tourn (corr)"]
[EventRounds "6"]
[EventCategory "1"]
[SourceTitle "Corr 2022"]
[Source "ChessBase"]
[SourceDate "2021.10.24"]
[SourceVersion "1"]
[SourceVersionDate "2021.10.24"]
[SourceQuality "1"]

1. d4 Nf6 2. c4 e6 3. Nf3 d5 4. cxd5 exd5 5. Nc3 Be7 6. Bg5 c6 7. e3 Bf5 8. Bd3 Bxd3 9. Qxd3 Nbd7 10. 0-0 0-0 11. a3 Ne4 12. Bxe7 Qxe7 13. b4 Nb6 14. Rfc1 Rfe8 15. b5 Rac8 16. bxc6 Rxc6 17. Ne5 Rxc3 18. Rxc3 f6 19. Nf3 Nxc3 20. Qxc3 Rc8 21. Qb3 Qc7 22. Rb1 1/2-1/2

[Event "FICGS class M 000032 email"]
[Site "FICGS email"]
[Date "2009.09.24"]
[Round "1"]
[White "Drazkowski, Krzysztof"]
[Black "Lemekhov, Yura"]
[Result "0-1"]
[WhiteElo "2321"]
[BlackElo "2250"]
[PlyCount "120"]
[EventDate "2009.??.??"]
[EventType "tourn (corr)"]
[EventRounds "6"]
[SourceTitle "Corr 2022"]
[Source "ChessBase"]
[SourceDate "2021.10.24"]
[SourceVersion "1"]
[SourceVersionDate "2021.10.24"]
[SourceQuality "1"]

1. d4 Nf6 2. c4 e6 3. Nf3 b6 4. Nc3 Bb7 5. a3 d5 6. cxd5 Nxd5 7. Qc2 Nxc3 8. bxc3 Be7 9. e4 0-0 10. Bd3 c5 11. 0-0 Qc7 12. Qe2 Nd7 13. Bb2 Rac8 14. Nd2 Nf6 15. f4 b5 16. Rf3 g6 17. Raf1 c4 18. Bc2 a5 19. Rh3 b4 20. axb4 axb4 21. f5 exf5 22. Rxf5 Ra8 23. Rf2 Bc8 24. Rg3 b3 25. Bb1 Nh5 26. Re3 Bg5 27. Qxc4 Qxc4 28. Nxc4 Ra4 29. Nb6 Bxe3 30. Nxa4 Ba6 31. Nc5 Bc4 32. g3 Nf6 33. h3 Rd8 34. Kg2 Bxf2 35. Kxf2 Nd7 36. Nb7 Ra8 37. Nd6 Nb6 38. Ke1 Na4 39. Nxc4 Nxb2 40. Nd2 Ra1 41. Ke2 Nc4 42. Nxc4 Rxb1 43. Nd2 Rc1 44. Nxb3 Rxc3 45. Nc5 Rxg3 46. h4 f6 47. Nd7 Kf7 48. e5 fxe5 49. Nxe5+ Ke6 50. Kf2 Rh3 51. Nf3 Kf5 52. d5 Kf4 53. Ne1 Ra3 54. Ke2 Ke4 55. d6 Ra2+ 56. Kd1 Ra6 57. Ke2 Rxd6 58. Kf2 Rd2+ 59. Kg3 h5 60. Ng2 Re2 0-1

[Event "FICGS class M 000028 email"]
[Site "FICGS email"]
[Date "2009.06.06"]
[Round "1"]
[White "Drazkowski, Krzysztof"]
[Black "Bezemer, Arno"]
[Result "1/2-1/2"]
[WhiteElo "2309"]
[BlackElo "2401"]
[PlyCount "42"]
[EventDate "2009.??.??"]
[EventType "tourn (corr)"]
[EventRounds "6"]
[SourceTitle "Corr 2022"]
[Source "ChessBase"]
[SourceDate "2021.10.24"]
[SourceVersion "1"]
[SourceVersionDate "2021.10.24"]
[SourceQuality "1"]

1. d4 Nf6 2. c4 g6 3. Nc3 d5 4. cxd5 Nxd5 5. e4 Nxc3 6. bxc3 Bg7 7. Nf3 c5 8. Rb1 0-0 9. Be2 Nc6 10. d5 Ne5 11. Nxe5 Bxe5 12. Qd2 e6 13. f4 Bc7 14. 0-0 exd5 15. exd5 Ba5 16. Ba3 b6 17. Rb5 Ba6 18. Rxa5 Bxe2 19. Qxe2 bxa5 20. Bxc5 Qxd5 21. Bxf8 Rxf8 1/2-1/2

[Event "FICGS class M 000028 email"]
[Site "FICGS email"]
[Date "2009.06.06"]
[Round "1"]
[White "Drazkowski, Krzysztof"]
[Black "Simmelink, Joop Theo"]
[Result "1/2-1/2"]
[WhiteElo "2309"]
[BlackElo "2251"]
[PlyCount "136"]
[EventDate "2009.??.??"]
[EventType "tourn (corr)"]
[EventRounds "6"]
[SourceTitle "Corr 2022"]
[Source "ChessBase"]
[SourceDate "2021.10.24"]
[SourceVersion "1"]
[SourceVersionDate "2021.10.24"]
[SourceQuality "1"]

1. d4 d5 2. c4 c6 3. Nf3 Nf6 4. Nc3 e6 5. cxd5 exd5 6. Bg5 Be7 7. Qc2 g6 8. e3 Bf5 9. Bd3 Bxd3 10. Qxd3 Nbd7 11. 0-0 0-0 12. Rab1 a5 13. Rfc1 Re8 14. Qc2 Ne4 15. Bxe7 Qxe7 16. a3 Nd6 17. h3 f5 18. Na4 g5 19. Nc5 Nxc5 20. dxc5 Ne4 21. Nd4 Qf6 22. Qd1 Re7 23. b4 f4 24. Rc2 fxe3 25. fxe3 Rf7 26. b5 Nf2 27. Qe2 Raf8 28. bxc6 bxc6 29. Qf3 Qg6 30. Qg3 Ne4 31. Qe5 Rf6 32. Rb8 Rf1+ 33. Kh2 g4 34. Rxf8+ Kxf8 35. g3 Qf6 36. Qb8+ Kf7 37. Qc7+ Kf8 38. Qc8+ Kg7 39. Qxg4+ Kh6 40. Qe6 Qxe6 41. Nxe6 Rf6 42. Nf4 Kg5 43. Kg2 a4 44. Nd3 Re6 45. Kf3 Rf6+ 46. Nf4 Kf5 47. g4+ Ke5 48. h4 Rf8 49. g5 Kf5 50. Nd3 Ke6+ 51. Kg4 Rf1 52. Nf4+ Ke7 53. Rb2 Nxc5 54. Rb8 Nd7 55. Ra8 Kd6 56. Rxa4 Nb6 57. Ra7 Nc4 58. Ng2 c5 59. Rxh7 d4 60. exd4 cxd4 61. Rh6+ Ke7 62. Rf6 Rg1 63. Rf4 Rxg2+ 64. Kf3 Ra2 65. Re4+ Kf7 66. Rxd4 Ne5+ 67. Ke4 Ng6 68. h5 Rxa3 1/2-1/2

[Event "FICGS class M 000021 email"]
[Site "FICGS email"]
[Date "2008.07.12"]
[Round "1"]
[White "Drazkowski, Krzysztof"]
[Black "Simmelink, Joop Theo"]
[Result "1/2-1/2"]
[WhiteElo "2376"]
[BlackElo "2379"]
[PlyCount "70"]
[EventDate "2008.??.??"]
[EventType "tourn (corr)"]
[EventRounds "6"]
[SourceTitle "Corr 2022"]
[Source "ChessBase"]
[SourceDate "2021.10.24"]
[SourceVersion "1"]
[SourceVersionDate "2021.10.24"]
[SourceQuality "1"]

1. d4 d5 2. c4 c6 3. Nc3 Nf6 4. Nf3 e6 5. cxd5 exd5 6. Bg5 h6 7. Bh4 Bf5 8. e3 Nbd7 9. Bd3 Bxd3 10. Qxd3 Bd6 11. 0-0 0-0 12. e4 dxe4 13. Nxe4 Be7 14. Ng3 Nc5 15. Qc4 Ne6 16. Nf5 Nd5 17. Nxe7+ Nxe7 18. Qb4 Re8 19. Qxb7 g5 20. Bg3 Qb6 21. Qxb6 axb6 22. h3 f6 23. Rfe1 Kf7 24. Re4 Rad8 25. a4 f5 26. Rxe6 Kxe6 27. Bc7 Ra8 28. Bxb6 Nd5 29. Bc5 Reb8 30. b4 Nxb4 31. Re1+ Kd5 32. Re5+ Kc4 33. Rxf5 Nd3 34. Nd2+ Kc3 35. Ne4+ Kc4 1/2-1/2

[Event "FICGS class M 000021 email"]
[Site "FICGS email"]
[Date "2008.07.12"]
[Round "1"]
[White "Lowrance, Wayne"]
[Black "Drazkowski, Krzysztof"]
[Result "1/2-1/2"]
[WhiteElo "2263"]
[BlackElo "2376"]
[PlyCount "85"]
[EventDate "2008.??.??"]
[EventType "tourn (corr)"]
[EventRounds "6"]
[SourceTitle "Corr 2022"]
[Source "ChessBase"]
[SourceDate "2021.10.24"]
[SourceVersion "1"]
[SourceVersionDate "2021.10.24"]
[SourceQuality "1"]

1. e4 c5 2. Nf3 Nc6 3. d4 cxd4 4. Nxd4 Nf6 5. Nc3 e5 6. Ndb5 d6 7. Bg5 a6 8. Na3 b5 9. Bxf6 gxf6 10. Nd5 Bg7 11. Bd3 Ne7 12. Nxe7 Qxe7 13. c4 f5 14. 0-0 0-0 15. Qf3 d5 16. cxd5 fxe4 17. Bxe4 Rb8 18. Rfd1 f5 19. d6 Qf6 20. Bc6 Be6 21. Bd5 Rbd8 22. Qb3 Bf7 23. h3 Rxd6 24. Bxf7+ Rxf7 25. Rxd6 Qxd6 26. Rd1 Qf6 27. Rd7 Bf8 28. Nc2 f4 29. Qd5 Qf5 30. Ra7 e4 31. Qb3 Qg6 32. Nd4 e3 33. fxe3 fxe3 34. Nc2 Bc5 35. Rxf7 Qxf7 36. Qxf7+ Kxf7 37. Kf1 Ke6 38. Ke2 Ke5 39. Kf3 a5 40. Nxe3 Kd4 41. Ke2 b4 42. Nc2+ Kc4 43. Na1 1/2-1/2

[Event "FICGS class M 000021 email"]
[Site "FICGS email"]
[Date "2008.07.12"]
[Round "1"]
[White "Stephenson, Andrew"]
[Black "Drazkowski, Krzysztof"]
[Result "0-1"]
[WhiteElo "2256"]
[BlackElo "2376"]
[PlyCount "36"]
[EventDate "2008.??.??"]
[EventType "tourn (corr)"]
[EventRounds "6"]
[SourceTitle "Corr 2022"]
[Source "ChessBase"]
[SourceDate "2021.10.24"]
[SourceVersion "1"]
[SourceVersionDate "2021.10.24"]
[SourceQuality "1"]

1. d4 Nf6 2. c4 e6 3. g3 d5 4. Bg2 Bb4+ 5. Nc3 0-0 6. a3 Be7 7. Nf3 dxc4 8. Qa4 a6 9. Qxc4 b5 10. Qd3 Bb7 11. Be3 Nbd7 12. 0-0 c5 13. dxc5 Nxc5 14. Qxd8 Rfxd8 15. b4 Nce4 16. Nxe4 Nxe4 17. Ng5 Nd6 18. Bxb7 Nxb7 0-1

[Event "FICGS class M 000016 email"]
[Site "FICGS email"]
[Date "2007.11.28"]
[Round "1"]
[White "Drazkowski, Krzysztof"]
[Black "Kotlyanskiy, Edward"]
[Result "0-1"]
[WhiteElo "2358"]
[BlackElo "2271"]
[PlyCount "98"]
[EventDate "2007.??.??"]
[EventType "tourn (corr)"]
[EventRounds "6"]
[SourceTitle "Corr 2022"]
[Source "ChessBase"]
[SourceDate "2021.10.24"]
[SourceVersion "1"]
[SourceVersionDate "2021.10.24"]
[SourceQuality "1"]

1. d4 d5 2. Nf3 Nf6 3. c4 c6 4. Nc3 e6 5. Bg5 dxc4 6. e4 b5 7. e5 h6 8. Bh4 g5 9. Nxg5 hxg5 10. Bxg5 Nbd7 11. g3 Bb7 12. Bg2 Qb6 13. exf6 c5 14. d5 0-0-0 15. 0-0 b4 16. Na4 Qb5 17. a3 Ne5 18. axb4 cxb4 19. Qd4 Nc6 20. dxc6 Rxd4 21. cxb7+ Kb8 22. Be3 e5 23. b3 c3 24. Rfd1 Bh6 25. Bxd4 exd4 26. Rxd4 c2 27. Rc4 Qxc4 28. bxc4 Rd8 29. Bf3 c1Q+ 30. Rxc1 Bxc1 31. Bd5 b3 32. Bxf7 b2 33. Bg6 Kxb7 34. h4 Rf8 35. f7 Ka6 36. Nc3 Ka5 37. Nb1 Kb4 38. f4 a5 39. h5 a4 40. Kf2 a3 41. Nxa3 Kxa3 42. h6 Ka2 43. Kf3 b1Q 44. Bxb1+ Kxb1 45. c5 Rxf7 46. Ke4 Rh7 47. Kd5 Rxh6 48. f5 Kc2 49. c6 Ba3 0-1

[Event "FICGS class M 000010 email"]
[Site "FICGS email"]
[Date "2007.03.28"]
[Round "1"]
[White "Drazkowski, Krzysztof"]
[Black "Louro, Eugenio Diogo"]
[Result "1-0"]
[WhiteElo "2335"]
[BlackElo "2214"]
[PlyCount "65"]
[EventDate "2007.??.??"]
[EventType "tourn (corr)"]
[EventRounds "6"]
[SourceTitle "Corr 2022"]
[Source "ChessBase"]
[SourceDate "2021.10.24"]
[SourceVersion "1"]
[SourceVersionDate "2021.10.24"]
[SourceQuality "1"]

1. d4 Nf6 2. c4 c5 3. d5 e6 4. Nc3 exd5 5. cxd5 d6 6. e4 g6 7. Nf3 Bg7 8. Be2 0-0 9. 0-0 Re8 10. Nd2 Nbd7 11. h3 a6 12. a4 h5 13. Re1 b6 14. Qc2 Nh7 15. Nc4 Ne5 16. Bf4 Nxc4 17. Bxc4 Qf6 18. Bh2 Nf8 19. Qb3 Nd7 20. e5 dxe5 21. Ne4 Qd8 22. Nd6 Rf8 23. Nxc8 Qxc8 24. d6 Qd8 25. Re3 Ra7 26. Rae1 Bf6 27. f4 Kg7 28. fxe5 Bg5 29. Rf3 b5 30. Rxf7+ Rxf7 31. Bxf7 Qa5 32. Re2 c4 33. Qd1 1-0

[Event "FICGS class M 000010 email"]
[Site "FICGS email"]
[Date "2007.03.28"]
[Round "1"]
[White "Drazkowski, Krzysztof"]
[Black "Marton Bardocz, Sandor"]
[Result "1/2-1/2"]
[WhiteElo "2335"]
[BlackElo "2230"]
[PlyCount "56"]
[EventDate "2007.??.??"]
[EventType "tourn (corr)"]
[EventRounds "6"]
[SourceTitle "Corr 2022"]
[Source "ChessBase"]
[SourceDate "2021.10.24"]
[SourceVersion "1"]
[SourceVersionDate "2021.10.24"]
[SourceQuality "1"]

1. d4 Nf6 2. c4 g6 3. Nc3 Bg7 4. e4 d6 5. Be2 0-0 6. Bg5 c5 7. d5 b5 8. cxb5 a6 9. bxa6 Qa5 10. Qd2 Nbd7 11. Rb1 Bxa6 12. Bxa6 Rxa6 13. Nge2 Rb8 14. 0-0 Rab6 15. b3 Rb4 16. f3 Qa6 17. Rbd1 Ne8 18. Be3 c4 19. Nd4 Bxd4 20. Bxd4 cxb3 21. axb3 Rxb3 22. Ra1 Qc4 23. Ra7 Rb2 24. Qe3 Rc2 25. Rf2 Rxf2 26. Kxf2 Rb2+ 27. Kg1 Nc7 28. h3 f6 1/2-1/2

[Event "FICGS class M 000010 email"]
[Site "FICGS email"]
[Date "2007.03.28"]
[Round "1"]
[White "Drazkowski, Krzysztof"]
[Black "Plant, Kevin D"]
[Result "1/2-1/2"]
[WhiteElo "2335"]
[BlackElo "2249"]
[PlyCount "95"]
[EventDate "2007.??.??"]
[EventType "tourn (corr)"]
[EventRounds "6"]
[SourceTitle "Corr 2022"]
[Source "ChessBase"]
[SourceDate "2021.10.24"]
[SourceVersion "1"]
[SourceVersionDate "2021.10.24"]
[SourceQuality "1"]

1. d4 d5 2. c4 dxc4 3. Nf3 e6 4. Nc3 a6 5. a4 Nc6 6. e3 Na5 7. Ne5 Nf6 8. Bxc4 Nxc4 9. Nxc4 c5 10. 0-0 Qc7 11. e4 cxd4 12. Qxd4 Bc5 13. Bf4 Qc6 14. Qd3 0-0 15. a5 b5 16. axb6 Bxb6 17. Nxb6 Qxb6 18. Na4 Qb5 19. Qxb5 axb5 20. Nc5 Rxa1 21. Rxa1 Nd7 22. Bd6 Re8 23. Nd3 Bb7 24. f3 Ra8 25. Rc1 Rc8 26. Rxc8+ Bxc8 27. Kf2 g5 28. Nb4 Bb7 29. Nc2 e5 30. g4 f6 31. Ne3 Kf7 32. b3 Kg6 33. h4 h5 34. gxh5+ Kxh5 35. hxg5 Kxg5 36. Bb4 Nb6 37. Nf5 Bc6 38. Nd6 Bd7 39. Nb7 Bc8 40. Nd8 Bd7 41. Bd2+ Kg6 42. Bc3 Nc8 43. Nb7 Ne7 44. Nc5 Bc8 45. Kg3 Nc6 46. f4 exf4+ 47. Kxf4 f5 48. b4 1/2-1/2